000 00418nam a2200169Ia 4500
008 180921t2016 xxu||||| |||| 00| 1 sin d
041 _asin
080 _aX8C31
_bWIC
100 _aWicramasena, J.J.
245 _aරක්තකේශර
246 _aRakthakeshara
260 _bFast Publishing
_aColombo
_c2016
300 _a236p., 21cm
942 _cBK
999 _c8338
_d8338
003 LK-CoDNM
040 _aLK-CoDNM
_dLK-CoDNM
_eLK-CoDNM